[Event "22nd ch-EUR Indiv 2022"]
[Site "Terme Catez SLO"]
[Date "2022.03.30"]
[Round "4.31"]
[White "Ahmadzada, Ahmad"]
[Black "Shevchenko, Kirill"]
[Result "0-1"]
[WhiteTitle "IM"]
[BlackTitle "GM"]
[WhiteElo "2480"]
[BlackElo "2652"]
[WhiteFideId "13413007"]
[BlackFideId "14129574"]
[EventDate "2022.03.27"]

1. d4 Nf6 2. Nf3 b6 3. Bf4 Bb7 4. e3 g6 5. Be2 Bg7 6. h3 O-O 7. O-O d6 8. Bh2
Nbd7 9. a4 Ne4 10. a5 bxa5 11. Qe1 a4 12. Rxa4 c5 13. Nbd2 Nb6 14. Ra1 Nxd2 15.
Qxd2 Qc7 16. b3 a5 17. c4 Rfc8 18. Rfc1 Qd8 19. Ra2 h6 20. d5 a4 21. bxa4 Nxa4
22. e4 Nc3 23. Rxa8 Nxe2+ 24. Qxe2 Rxa8 25. e5 Qb6 26. Bg3 Rd8 27. Re1 Bc8 28.
exd6 exd6 29. Qe7 Bf8 30. Qf6 Bg7 31. Qe7 Bf5 32. Re3 Bf8 33. Qf6 Bg7 34. Qe7
Bf8 35. Qf6 Qc7 36. Bf4 Bg7 37. Qh4 g5 38. Nxg5 hxg5 39. Qxg5 Bh7 40. Rg3 f5 41.
Qf6 Re8 42. Bxd6 Kh8 43. Qg5 Qf7 44. Bxc5 f4 45. Rg4 f3 46. gxf3 Be5 47. Kg2 Bf5
48. Bd4 Bxd4 49. Qh6+ Bh7 50. Rxd4 Rf8 51. Qe3 Re8 52. Qa3 Bf5 53. Rh4+ Kg8 54.
Qd6 Qg7+ 55. Qg3 Rc8 56. Rd4 Kh7 57. Rf4 Bd7 58. Kh2 Kg8 59. h4 Kh7 60. h5 Kh6
61. Rh4 Bf5 62. Rf4 Qe5 63. d6 Rd8 64. Kg2 Kh7 65. h6 Rd7 66. Kh2 Rxd6 67. Qg7+
Qxg7 68. hxg7 Be6 69. c5 Rd5 70. Re4 Bf5 71. Rc4 Rd7 72. Kg3 Kxg7 73. Kf4 Kf6
74. Rc3 Bg6 75. Rc4 Bh7 76. Rb4 Bg8 77. Rb6+ Be6 78. Rb5 Rd3 79. Ra5 Rc3 80. Ke4
Rc4+ 81. Kd3 Ke5 82. Rb5 Rf4 83. Ke3 Bd5 84. Rb8 Rxf3+ 85. Ke2 Rc3 86. Rc8 Kd4
87. Rc7 Rc2+ 88. Kf1 Rc3 89. Rc8 Rc4 90. Kg1 Kd3 91. Kh2 Rf4 92. c6 Rxf2+ 93.
Kg3 Rf7 94. Rd8 Ke4 95. Re8+ Kd4 96. Rc8 Kc5 97. c7 Bb7 98. Rd8 Rxc7 99. Kf4 Bd5
100. Rb8 Kd4 101. Rb4+ Bc4 102. Ra4 Rf7+ 103. Kg4 Kd5 104. Rb4 Be2+ 105. Kg3 Ke5
106. Rb2 Bf3 107. Rb5+ Bd5 108. Kg4 Rg7+ 109. Kh5 Rg1 110. Ra5 Ke4 111. Kh6 Rg8
112. Rb5 Be6 113. Rg5 Rd8 114. Kg6 Kf4 115. Kf6 Rd6 116. Ke7 Ra6 117. Rg1 Bf5
118. Rf1+ Ke5 119. Re1+ Be4 120. Ke8 Kd5 121. Kf8 Rf6+ 122. Ke7 Re6+ 123. Kf8
Kd6 124. Ra1 Ke5 125. Kf7 Rb6 126. Re1 Rb4 127. Ke7 Rb7+ 128. Ke8 Kd5 129. Kf8
Rh7 130. Re2 Bf5 131. Re7 Rh1 132. Kf7 Rf1 133. Kf6 Be6+ 134. Kg5 Ke5 135. Ra7
Rg1+ 136. Kh4 Bf5 137. Ra4 Be4 138. Kh5 Kf4 139. Kh6 Rg6+ 140. Kh5 Rb6 141. Rd4
Rb1 142. Kh6 Rb7 0-1

[Event "22nd ch-EUR Indiv 2022"]
[Site "Terme Catez SLO"]
[Date "2022.03.30"]
[Round "4.32"]
[White "Santos Latasa, Jaime"]
[Black "Subelj, Jan"]
[Result "1-0"]
[WhiteTitle "GM"]
[BlackTitle "IM"]
[WhiteElo "2648"]
[BlackElo "2468"]
[WhiteFideId "2293307"]
[BlackFideId "14618583"]
[EventDate "2022.03.27"]

1. d4 d5 2. c4 c6 3. Nf3 Nf6 4. e3 Bf5 5. Nc3 e6 6. Nh4 Be4 7. f3 Bg6 8. Bd2 Be7
9. Nxg6 hxg6 10. Qc2 O-O 11. O-O-O dxc4 12. Bxc4 b5 13. Be2 a6 14. Kb1 Qb6 15.
h4 c5 16. dxc5 Bxc5 17. h5 Nxh5 18. g4 Ng3 19. Rh3 Nxe2 20. Nxe2 Nc6 21. Rdh1 f5
22. Nf4 Kf7 23. gxf5 gxf5 24. Rh7 Rg8 25. Bc3 Ne7 26. R1h6 Bxe3 27. Rxe6 Qxe6
28. Nxe6 Kxe6 29. Qe2 Nd5 30. Bd4 Rae8 31. Qd3 Bh6 32. a4 Nf6 33. Qb3+ Ke7 34.
Bc5+ Kd7 35. axb5 axb5 36. Qxb5+ Ke6 37. Qb3+ Kd7 38. Qb5+ Ke6 39. Qc4+ Kd7 40.
Qa6 Re6 41. Qd3+ Kc6 42. Bb4 Rge8 43. Qa6+ Kc7 44. Ba5+ Kb8 45. Bb6 Rc6 46. Qb5
Rec8 47. Bd4+ Kc7 48. Be5+ Kd8 49. Bxf6+ 1-0

[Event "22nd ch-EUR Indiv 2022"]
[Site "Terme Catez SLO"]
[Date "2022.03.30"]
[Round "4.33"]
[White "Gharibyan, Mamikon"]
[Black "Ragger, Markus"]
[Result "1-0"]
[WhiteTitle "IM"]
[BlackTitle "GM"]
[WhiteElo "2479"]
[BlackElo "2647"]
[WhiteFideId "13308300"]
[BlackFideId "1610856"]
[EventDate "2022.03.27"]

1. d4 Nf6 2. c4 g6 3. Nc3 d5 4. cxd5 Nxd5 5. e4 Nxc3 6. bxc3 Bg7 7. Qa4+ Nd7 8.
Nf3 O-O 9. Qa3 c5 10. Be2 Qc7 11. O-O a6 12. e5 Rb8 13. Bg5 Re8 14. e6 fxe6 15.
Bc4 Nb6 16. Qa5 Qc6 17. Bb3 c4 18. Bc2 Nd5 19. Be4 Qd6 20. Qa4 Bd7 21. Qc2 Rf8
22. Rae1 Bc6 23. h4 Nf4 24. Bxc6 Qxc6 25. Re4 Nh3+ 26. Kh2 Nxg5 27. Nxg5 e5 28.
dxe5 Rbd8 29. Re3 Rd5 30. Qe2 b5 31. f4 Qd7 32. h5 Rd3 33. hxg6 hxg6 34. Rff3
Rd8 35. Rh3 Qf5 36. Rh4 b4 37. cxb4 c3 38. Re4 Qc8 39. Qc2 Qc6 40. Qb3+ Qd5 41.
Qxd5+ R3xd5 42. Rc4 Rd4 43. Rc5 Rxb4 44. Kh3 Rb1 45. Rxc3 Bh6 46. Kg4 Bxg5 47.
Kxg5 Rg1 48. g4 Kf7 49. Rc6 1-0

[Event "22nd ch-EUR Indiv 2022"]
[Site "Terme Catez SLO"]
[Date "2022.03.30"]
[Round "4.34"]
[White "Petrosyan, Manuel"]
[Black "Kosakowski, Jakub"]
[Result "1/2-1/2"]
[WhiteTitle "GM"]
[BlackTitle "IM"]
[WhiteElo "2637"]
[BlackElo "2452"]
[WhiteFideId "13300857"]
[BlackFideId "1185080"]
[EventDate "2022.03.27"]

1. Nf3 Nf6 2. c4 g6 3. Nc3 Bg7 4. e4 d6 5. d4 O-O 6. Be2 e5 7. O-O Nc6 8. d5 Ne7
9. b4 a5 10. bxa5 c5 11. Bd2 Rxa5 12. a4 h6 13. Ra3 Ne8 14. Qc1 Kh7 15. Nb5 Ra6
16. Ne1 f5 17. exf5 Nxf5 18. Nc2 Nf6 19. Qb1 Qe7 20. Ne3 Nd4 21. Bd1 h5 22. Nc3
Bh6 23. Ra2 Bf4 24. Rb2 Rf7 25. g3 1/2-1/2

[Event "22nd ch-EUR Indiv 2022"]
[Site "Terme Catez SLO"]
[Date "2022.03.30"]
[Round "4.35"]
[White "Donchenko, Alexander"]
[Black "Parkhov, Yair"]
[Result "1/2-1/2"]
[WhiteTitle "GM"]
[BlackTitle "IM"]
[WhiteElo "2636"]
[BlackElo "2450"]
[WhiteFideId "24603295"]
[BlackFideId "2813408"]
[EventDate "2022.03.27"]

1. c4 e6 2. g3 d5 3. Bg2 Nf6 4. d4 Be7 5. Nf3 O-O 6. O-O dxc4 7. Qa4 a6 8. Qxc4
b5 9. Qc2 Bb7 10. Bd2 Nc6 11. e3 Nb4 12. Bxb4 Bxb4 13. a3 Bd6 14. Nbd2 Rc8 15.
b4 a5 16. e4 Be7 17. Rab1 axb4 18. axb4 Ra8 19. Rfc1 Ra4 20. Qxc7 Ba8 21. Qe5
Rxb4 22. Rxb4 Bxb4 23. Qxb5 Bxd2 24. Nxd2 Qxd4 25. Qe2 Qb2 26. Qe1 Rd8 27. e5
Bxg2 28. Kxg2 Nd5 1/2-1/2

[Event "22nd ch-EUR Indiv 2022"]
[Site "Terme Catez SLO"]
[Date "2022.03.30"]
[Round "4.36"]
[White "Mirzoev, Emil"]
[Black "Abasov, Nijat"]
[Result "1/2-1/2"]
[WhiteTitle "GM"]
[BlackTitle "GM"]
[WhiteElo "2475"]
[BlackElo "2630"]
[WhiteFideId "14108640"]
[BlackFideId "13402960"]
[EventDate "2022.03.27"]

1. d4 Nf6 2. c4 e6 3. Nc3 Bb4 4. Qc2 d5 5. cxd5 exd5 6. Bg5 h6 7. Bh4 g5 8. Bg3
Nc6 9. e3 Qe7 10. Bb5 h5 11. h4 Ne4 12. Ne2 Nxg3 13. Nxg3 gxh4 14. Ne2 a6 15.
Bxc6+ bxc6 1/2-1/2

[Event "22nd ch-EUR Indiv 2022"]
[Site "Terme Catez SLO"]
[Date "2022.03.30"]
[Round "4.37"]
[White "Yilmazyerli, Mert"]
[Black "Durarbayli, Vasif"]
[Result "1/2-1/2"]
[WhiteTitle "IM"]
[BlackTitle "GM"]
[WhiteElo "2466"]
[BlackElo "2628"]
[WhiteFideId "6305962"]
[BlackFideId "13402935"]
[EventDate "2022.03.27"]

1. Nf3 d5 2. g3 Nf6 3. Bg2 c5 4. O-O e6 5. d4 cxd4 6. Nxd4 e5 7. Nb3 a5 8. a4
Be7 9. Nc3 Be6 10. Bg5 d4 11. Nb5 Nc6 12. e3 Bg4 13. Qd2 Ne4 14. Bxe4 Bxg5 15.
f4 dxe3 16. Nd6+ Kf8 17. Qxe3 exf4 18. gxf4 Be7 19. Nxb7 Qc7 20. N7c5 Re8 21. h3
Bc8 22. Rad1 h5 23. Kh1 Rh6 24. Rg1 1/2-1/2

[Event "22nd ch-EUR Indiv 2022"]
[Site "Terme Catez SLO"]
[Date "2022.03.30"]
[Round "4.38"]
[White "Kaasen, Tor Fredrik"]
[Black "Lagarde, Maxime"]
[Result "1/2-1/2"]
[WhiteTitle "IM"]
[BlackTitle "GM"]
[WhiteElo "2460"]
[BlackElo "2626"]
[WhiteFideId "1516647"]
[BlackFideId "662399"]
[EventDate "2022.03.27"]

1. d4 Nf6 2. c4 e6 3. Nf3 b6 4. g3 Ba6 5. Nbd2 Bb4 6. Qb3 c5 7. dxc5 bxc5 8. Bg2
Nc6 9. O-O O-O 10. a3 Bxd2 11. Bxd2 d5 12. cxd5 exd5 13. Rfe1 Ne4 14. Qc2 Qf6
15. Be3 Rab8 16. Nd2 Nxd2 17. Qxd2 d4 18. Bf4 Rb6 19. Rac1 c4 20. Bd5 h6 21. h4
Ne5 22. Rcd1 d3 23. Bxe5 Qxe5 24. Bxc4 Rxb2 25. Qxd3 Bxc4 26. Qxc4 Qa5 27. Qd3
Ra2 28. Ra1 Rd2 29. Qe3 Rfd8 30. Rec1 Qa6 31. Re1 Qa5 32. Rec1 Qa6 33. Re1 1/2-1/2

[Event "22nd ch-EUR Indiv 2022"]
[Site "Terme Catez SLO"]
[Date "2022.03.30"]
[Round "4.39"]
[White "Yilmaz, Mustafa"]
[Black "Gorshtein, Ido"]
[Result "1-0"]
[WhiteTitle "GM"]
[BlackTitle "IM"]
[WhiteElo "2624"]
[BlackElo "2445"]
[WhiteFideId "6302718"]
[BlackFideId "2815532"]
[EventDate "2022.03.27"]

1. d4 f5 2. c4 Nf6 3. Nc3 d6 4. Bg5 Nbd7 5. Qc2 g6 6. O-O-O Bg7 7. h4 h6 8. Bxf6
Nxf6 9. Nh3 c6 10. Nf4 Kf7 11. h5 g5 12. Ng6 Re8 13. e3 e6 14. Kb1 Bd7 15. f3
Kg8 16. Bd3 Rc8 17. g4 fxg4 18. Ne4 Nxe4 19. fxe4 c5 20. e5 cxd4 21. exd4 Bc6
22. Rhf1 Bf3 23. Be2 d5 24. c5 Be4 25. Bd3 Bf3 26. Rc1 Rc7 27. Rg1 Rf7 28. Rg3
Qa5 29. a3 Rc8 30. Ka2 Qd8 31. Qa4 b6 32. c6 Qe8 33. Bb5 Rfc7 34. Rf1 Be4 35.
Rxg4 Bxg6 36. hxg6 Qxg6 37. Qd1 Rf8 38. Rgg1 Rxf1 39. Rxf1 a6 40. Bxa6 g4 41.
Bd3 Qg5 42. Bb1 h5 43. Qd3 Bh8 44. Qa6 Qd8 45. Qxb6 h4 46. Rf4 1-0

[Event "22nd ch-EUR Indiv 2022"]
[Site "Terme Catez SLO"]
[Date "2022.03.30"]
[Round "4.40"]
[White "Barbot, Pierre1"]
[Black "Nguyen, Thai Dai Van"]
[Result "1/2-1/2"]
[WhiteTitle "IM"]
[BlackTitle "GM"]
[WhiteElo "2455"]
[BlackElo "2623"]
[WhiteFideId "663727"]
[BlackFideId "358878"]
[EventDate "2022.03.27"]

1. d4 Nf6 2. c4 e6 3. Nf3 b6 4. g3 Ba6 5. Qb3 Nc6 6. Nbd2 Na5 7. Qa4 Bb7 8. Bg2
c5 9. dxc5 bxc5 10. O-O Be7 11. Ne5 Qc7 12. Bxb7 Nxb7 13. Ndf3 Bd6 14. Nd3 O-O
15. Bf4 Bxf4 16. Nxf4 a5 17. Rad1 Nd8 18. Nd3 d6 19. Qc2 Nc6 20. b3 a4 21. bxa4
e5 22. Nb2 e4 23. Nh4 Qd7 24. f4 Nd4 25. Qd2 e3 26. Qe1 Rfb8 27. Rxd4 cxd4 28.
Qc1 Qb7 29. Nd3 Rxa4 30. Nf5 Qc7 31. Nxd4 Qxc4 32. Qxc4 Rxc4 33. Nf5 Nd5 34. Kg2
Rc2 35. Kf3 g6 36. Nxd6 Rb6 37. Ne4 Ra6 38. Rb1 Raxa2 39. Rb5 Ne7 40. Nb4 Rcb2
41. Nxa2 Rxb5 42. Kxe3 Rb1 43. Kf2 f5 44. Nac3 Rc1 45. Nf6+ Kf7 46. Nfd5 Ke6 47.
Na2 Rh1 48. Kg2 Ra1 49. Ndb4 Nd5 50. Kf2 Nf6 51. Nc3 Rc1 52. Nb5 Rc4 53. Nd3 Kd5
54. Na3 Ng4+ 55. Kg2 Re4 56. Nc1 Kd4 57. h3 Nf6 58. Kf2 Re6 59. e3+ Kd5 60. Ne2
Ne4+ 61. Kf3 Nd2+ 62. Kf2 Ra6 63. Nc2 Ne4+ 64. Kf3 Nd2+ 65. Kf2 Kc4 66. g4 Ne4+
67. Kf3 Nd2+ 68. Kf2 Ra5 69. gxf5 gxf5 70. Ncd4 Kd3 71. Nc1+ Ke4 72. Nce2 Kd3
73. Nc1+ Kc4 74. Nce2 h6 75. Nc6 Ne4+ 76. Kf3 Nd2+ 77. Kf2 Ne4+ 78. Kf3 Ra1 79.
Ned4 Nd6 80. Ne7 Ra5 81. h4 h5 82. Nec6 Ra2 83. Ne5+ Kc3 84. Nd7 Rh2 85. Nf6 Kd3
86. Nxh5 Rh3+ 87. Ng3 Ne4 1/2-1/2

[Event "22nd ch-EUR Indiv 2022"]
[Site "Terme Catez SLO"]
[Date "2022.03.30"]
[Round "4.41"]
[White "Brkic, Ante"]
[Black "Sahidi, Samir"]
[Result "1-0"]
[WhiteTitle "GM"]
[BlackTitle "IM"]
[WhiteElo "2607"]
[BlackElo "2432"]
[WhiteFideId "14506688"]
[BlackFideId "14936372"]
[EventDate "2022.03.27"]

1. e4 e5 2. Nf3 Nc6 3. Bb5 a6 4. Ba4 Nf6 5. O-O Nxe4 6. d4 b5 7. Bb3 d5 8. dxe5
Be6 9. Nbd2 Nc5 10. c3 Be7 11. Bc2 d4 12. Nb3 dxc3 13. Nxc5 Bxc5 14. Be4 Qd7 15.
Bg5 h6 16. Qc2 Bd5 17. Rad1 Nb4 18. Qxc3 Bf8 19. e6 Qd6 20. exf7+ Kxf7 21. Ne5+
Kg8 22. Rxd5 Nxd5 23. Qf3 Qxe5 24. Bxd5+ Kh7 25. Be4+ Qxe4 26. Qxe4+ g6 27. Qxa8 1-0

[Event "22nd ch-EUR Indiv 2022"]
[Site "Terme Catez SLO"]
[Date "2022.03.30"]
[Round "4.42"]
[White "Sousa, Andre Ventura"]
[Black "Erdos, Viktor"]
[Result "1/2-1/2"]
[WhiteTitle "IM"]
[BlackTitle "GM"]
[WhiteElo "2429"]
[BlackElo "2607"]
[WhiteFideId "1917617"]
[BlackFideId "719978"]
[EventDate "2022.03.27"]

1. e4 e5 2. Nf3 Nc6 3. Bb5 a6 4. Ba4 Nf6 5. O-O Be7 6. d3 d6 7. c3 O-O 8. Re1
Re8 9. Nbd2 Bf8 10. h3 h6 11. d4 exd4 12. cxd4 b5 13. Bc2 Nb4 14. Bb1 c5 15. d5
a5 16. a3 Na6 17. b3 g6 18. a4 Bd7 19. Bd3 bxa4 1/2-1/2

[Event "22nd ch-EUR Indiv 2022"]
[Site "Terme Catez SLO"]
[Date "2022.03.30"]
[Round "4.43"]
[White "Murphy, Conor E"]
[Black "Basso, Pier Luigi"]
[Result "1/2-1/2"]
[WhiteTitle "IM"]
[BlackTitle "GM"]
[WhiteElo "2427"]
[BlackElo "2600"]
[WhiteFideId "421669"]
[BlackFideId "866970"]
[EventDate "2022.03.27"]

1. d4 Nf6 2. c4 c6 3. Nc3 d5 4. cxd5 cxd5 5. Bf4 Nc6 6. Nf3 Bf5 7. e3 e6 8. Qb3
Bb4 9. Bb5 O-O 10. Bxc6 Bxc3+ 11. Qxc3 Rc8 12. Ne5 Nh5 13. Qa3 Nxf4 14. exf4
bxc6 15. Rc1 f6 16. Nxc6 Qe8 17. Qd6 h6 18. O-O Kh7 19. Nxa7 Ra8 20. Nc6 Rxa2
21. b4 Rf7 22. Rc3 Rb7 23. h3 h5 24. Rfc1 h4 25. Na5 Rd7 26. Qc6 Be4 1/2-1/2

[Event "22nd ch-EUR Indiv 2022"]
[Site "Terme Catez SLO"]
[Date "2022.03.30"]
[Round "4.44"]
[White "Pechac, Jergus"]
[Black "Stoyanov, Tsvetan"]
[Result "1-0"]
[WhiteTitle "GM"]
[BlackTitle "IM"]
[WhiteElo "2599"]
[BlackElo "2424"]
[WhiteFideId "14926970"]
[BlackFideId "2917173"]
[EventDate "2022.03.27"]

1. Nf3 d5 2. d4 Nf6 3. c4 e6 4. Nc3 dxc4 5. e4 b5 6. e5 Nd5 7. Nxb5 Nb6 8. Be2
Nc6 9. Be3 Rb8 10. a3 Be7 11. Qc2 Ba6 12. Nc3 O-O 13. h4 f5 14. exf6 gxf6 15.
Rd1 Nd5 16. Bh6 Rf7 17. Ne4 Qd7 18. Rh3 Kh8 19. Rg3 Bd6 20. Nc5 Nxd4 21. Rxd4
Bxc5 22. Rdg4 Bd6 23. Bg7+ Rxg7 24. Rxg7 Qxg7 25. Rxg7 Kxg7 26. Nd4 Nf4 27. Bxc4
Rxb2 28. Qxb2 Bxc4 29. Qb7 Bd5 30. Qxa7 Nxg2+ 31. Kd1 Nxh4 32. Nb5 Kg6 33. Nxd6
cxd6 34. a4 Nf5 35. a5 h5 36. Ke2 Bc4+ 37. Ke1 h4 38. Qa8 Kg5 39. a6 Bxa6 40.
Qxa6 e5 41. Qd3 Nd4 42. Kf1 d5 43. Qh7 Nf3 44. Kg2 e4 45. Qg8+ Kf4 46. Qxd5 Ng5
47. Qd6+ Kf5 48. Kh2 Nf3+ 49. Kh3 Kg5 50. Qe6 f5 51. Qe7+ Kh5 52. Qf6 Ng5+ 53.
Kg2 Kg4 54. Qg6 h3+ 55. Kh2 f4 56. Kg1 e3 57. f3+ Kxf3 58. Qxg5 e2 59. Qe5 1-0

[Event "22nd ch-EUR Indiv 2022"]
[Site "Terme Catez SLO"]
[Date "2022.03.30"]
[Round "4.45"]
[White "Baklan, Vladimir"]
[Black "Kilgus, Georg"]
[Result "1-0"]
[WhiteTitle "GM"]
[BlackTitle "IM"]
[WhiteElo "2591"]
[BlackElo "2415"]
[WhiteFideId "14102196"]
[BlackFideId "1606212"]
[EventDate "2022.03.27"]

1. e4 e5 2. Nf3 Nc6 3. Bb5 a6 4. Ba4 Nf6 5. Nc3 Bc5 6. O-O b5 7. Bb3 O-O 8. a4
Rb8 9. axb5 axb5 10. Nd5 Nxe4 11. d3 Nf6 12. Bg5 Be7 13. Nxe7+ Qxe7 14. Re1 d6
15. d4 h6 16. Bh4 Bg4 17. c3 g5 18. Bg3 Rfe8 19. Ra6 Rb6 20. Rxb6 cxb6 21. Qd3
b4 22. Qg6+ Kh8 23. Qxh6+ Nh7 24. Nxe5 1-0

[Event "22nd ch-EUR Indiv 2022"]
[Site "Terme Catez SLO"]
[Date "2022.03.30"]
[Round "4.46"]
[White "Moroni, Luca Jr"]
[Black "Injac, Teodora"]
[Result "1/2-1/2"]
[WhiteTitle "GM"]
[BlackTitle "WGM"]
[WhiteElo "2588"]
[BlackElo "2407"]
[WhiteFideId "865834"]
[BlackFideId "932400"]
[EventDate "2022.03.27"]

1. c4 e5 2. Nc3 Bb4 3. Qb3 a5 4. Nf3 d6 5. e3 Nf6 6. a3 Bxc3 7. Qxc3 O-O 8. d4
exd4 9. Nxd4 a4 10. Be2 Na6 11. O-O Nc5 12. f3 Ne6 13. Bd2 Re8 14. Rfe1 Nxd4 15.
exd4 Bf5 16. Bf1 h6 17. Qb4 b6 18. Rxe8+ Qxe8 19. Re1 Qd7 20. Be2 Bc2 21. Qc3
Bb3 22. Bd3 Re8 23. Qc1 Rxe1+ 24. Qxe1 Qe6 25. Qxe6 fxe6 26. Kf2 Kf7 27. g4 Nd7
28. Be2 Nb8 29. c5 bxc5 30. dxc5 Nc6 31. cxd6 cxd6 32. f4 e5 33. Bb5 Nd4 34. Bd3
Nc6 35. fxe5 Nxe5 36. Be2 Ke6 37. Bc3 g5 38. h3 Kd5 39. Ke3 Nc4+ 40. Bxc4+ Bxc4
41. Kf3 Bb3 42. Bg7 Ke6 43. Bxh6 Kf6 44. Bf8 d5 45. Bc5 Kf7 46. Be3 Kf6 47. Bb6
Kf7 48. Be3 Kf6 49. Bd4+ Kf7 50. Ke3 Ke6 51. Kd2 Bc4 52. Kc3 Bf1 53. Kb4 Bxh3
54. Kxa4 Kd6 55. Kb5 Kc7 56. Ka6 Bxg4 57. b4 Be2+ 58. b5 Bxb5+ 59. Kxb5 Kb7 60.
Kc5 1/2-1/2

[Event "22nd ch-EUR Indiv 2022"]
[Site "Terme Catez SLO"]
[Date "2022.03.30"]
[Round "4.47"]
[White "Haring, Filip"]
[Black "Michalik, Peter"]
[Result "0-1"]
[WhiteTitle "FM"]
[BlackTitle "GM"]
[WhiteElo "2425"]
[BlackElo "2585"]
[WhiteFideId "14933080"]
[BlackFideId "14907526"]
[EventDate "2022.03.27"]

1. e4 c5 2. Nf3 Nc6 3. d4 cxd4 4. Nxd4 Nf6 5. Nc3 h5 6. Be2 g6 7. O-O Bg7 8. Nb3
O-O 9. h3 a5 10. a4 Nb4 11. Bg5 b6 12. Nd5 Nfxd5 13. exd5 Bxb2 14. d6 f6 15. Rb1
fxg5 16. Rxb2 exd6 17. c3 Nc6 18. Nd4 Ne5 19. Qb3+ Kg7 20. Qd5 Ba6 21. Bxa6 Rxa6
22. Ne6+ dxe6 23. Qb7+ Nd7 24. Qxa6 Qc7 25. Rd1 Rf4 26. Qb5 d5 27. Re1 Kf7 28.
g3 Rc4 29. Rbe2 Nc5 30. Re3 Ne4 31. Rf3+ Ke7 32. Qa6 g4 33. hxg4 hxg4 34. Rfe3
Rxc3 35. Qe2 Rxe3 36. Qxe3 Qc3 37. Rb1 Qxe3 38. fxe3 Nxg3 39. Rxb6 Nf5 40. Kf2
g3+ 41. Kf3 g2 42. Rb1 g5 43. Kf2 Kf6 44. Rb3 Nd6 45. Kxg2 Nc4 46. Kf2 Kf5 47.
Rb8 Ke4 48. Rg8 Nxe3 49. Rxg5 Kd3 50. Ke1 Nc4 51. Rg6 e5 52. Rc6 e4 53. Rc5 d4
54. Kd1 Kc3 55. Rc8 d3 56. Rc7 e3 57. Rc8 Kb4 58. Ke1 Nb2 59. Rb8+ Ka3 0-1

[Event "22nd ch-EUR Indiv 2022"]
[Site "Terme Catez SLO"]
[Date "2022.03.30"]
[Round "4.48"]
[White "Kramer, Julian"]
[Black "Van Foreest, Lucas"]
[Result "1/2-1/2"]
[WhiteTitle "IM"]
[BlackTitle "GM"]
[WhiteElo "2423"]
[BlackElo "2572"]
[WhiteFideId "12921742"]
[BlackFideId "1039792"]
[EventDate "2022.03.27"]

1. e4 e5 2. Nf3 Nc6 3. Bc4 Nf6 4. d3 Bc5 5. a4 a5 6. Be3 Bxe3 7. fxe3 O-O 8. Nc3
d6 9. Qe2 Be6 10. Bxe6 fxe6 11. O-O-O d5 12. d4 Nxe4 13. Nxe4 dxe4 14. Nxe5 Nxe5
15. dxe5 Qg5 16. Qc4 Qxe5 17. Rd7 Rf7 18. Rxf7 Kxf7 19. Rd1 Ke7 20. Rd4 Qxh2 21.
Kb1 Qe5 22. Rxe4 Qd6 23. Rd4 Qc6 24. Qd3 Rc8 25. Rg4 g6 26. Rh4 h5 27. Qxg6 Rf8
28. Qg5+ 1/2-1/2

[Event "22nd ch-EUR Indiv 2022"]
[Site "Terme Catez SLO"]
[Date "2022.03.30"]
[Round "4.49"]
[White "Papadiamandis, Elliot"]
[Black "Livaic, Leon"]
[Result "0-1"]
[WhiteTitle "FM"]
[BlackTitle "IM"]
[WhiteElo "2406"]
[BlackElo "2563"]
[WhiteFideId "36074160"]
[BlackFideId "14531534"]
[EventDate "2022.03.27"]

1. e4 c5 2. Nf3 d6 3. d4 cxd4 4. Nxd4 Nf6 5. Nc3 Nc6 6. Bg5 e6 7. Qd2 a6 8.
O-O-O Bd7 9. f4 b5 10. Bxf6 gxf6 11. Kb1 Qb6 12. Nce2 Rc8 13. h4 Na5 14. Nc1 Nc4
15. Bxc4 bxc4 16. c3 Rg8 17. Rde1 Qb7 18. Re2 h5 19. Rhe1 Rg4 20. Nf3 Bc6 21.
Nd4 Bd7 22. Nf3 e5 23. Nh2 Rxh4 24. fxe5 dxe5 25. g3 Rh3 26. Nf1 Rd8 27. Rd1 Qb6
28. Ne3 Be6 29. Nd5 Bxd5 30. exd5 Rxg3 31. Qf4 Rg4 32. Qf5 Rg5 33. Qf4 Rg4 34.
Qf5 Rg1 35. Rxg1 Qxg1 36. Qxf6 Qg6+ 37. Qxg6 fxg6 38. Rxe5+ Kf7 39. Re4 Rxd5 40.
Rxc4 g5 41. Kc2 h4 42. Nd3 Rf5 43. Rc7+ Kg6 44. Rc6+ Kh5 0-1

[Event "22nd ch-EUR Indiv 2022"]
[Site "Terme Catez SLO"]
[Date "2022.03.30"]
[Round "4.50"]
[White "Meshkovs, Nikita"]
[Black "Buksa, Nataliya"]
[Result "1/2-1/2"]
[WhiteTitle "GM"]
[BlackTitle "IM"]
[WhiteElo "2561"]
[BlackElo "2401"]
[WhiteFideId "11602740"]
[BlackFideId "14123622"]
[EventDate "2022.03.27"]

1. c4 c5 2. Nc3 Nc6 3. g3 Nf6 4. Bg2 g6 5. a3 Bg7 6. Rb1 a5 7. d3 O-O 8. Nh3 d6
9. Nf4 e5 10. Nfd5 Nxd5 11. Nxd5 Be6 12. O-O Rb8 13. e3 Ne7 14. Nxe7+ Qxe7 15.
Qa4 Qc7 16. Bd2 Ra8 17. Qc2 Rab8 18. Qa4 Ra8 19. Rfc1 Bd7 20. Qd1 Bc6 21. b4
axb4 22. axb4 b6 23. b5 Bxg2 24. Kxg2 Ra3 25. Rc3 Qb7+ 26. e4 Rfa8 27. Rxa3 Rxa3
28. Bc1 Ra2 29. Be3 Qa8 30. Qg4 Qb7 31. Kg1 h5 32. Qd1 Qa8 33. h3 Qa3 34. Qb3
Qa5 35. Kg2 Kh7 36. g4 Bh6 37. g5 Bg7 38. Qd1 Kg8 39. Kh2 Bf8 40. Kg3 Be7 41.
Rb3 Ra1 42. Rb1 Ra2 43. Rb3 Bf8 44. Kg2 Bg7 45. Rb1 Bf8 46. Rb3 Be7 47. Rb1 Bf8
48. Rb3 1/2-1/2

[Event "22nd ch-EUR Indiv 2022"]
[Site "Terme Catez SLO"]
[Date "2022.03.30"]
[Round "4.51"]
[White "Martinovic, Sasa"]
[Black "Levin, Guy"]
[Result "1/2-1/2"]
[WhiteTitle "GM"]
[BlackTitle "FM"]
[WhiteElo "2554"]
[BlackElo "2332"]
[WhiteFideId "14509792"]
[BlackFideId "2824213"]
[EventDate "2022.03.27"]

1. d4 d5 2. c4 dxc4 3. Nf3 Nf6 4. e3 e6 5. Bxc4 a6 6. O-O b5 7. Bd3 Bb7 8. a4 b4
9. Nbd2 c5 10. a5 Nbd7 11. Nc4 Be7 12. Qe2 O-O 13. Rd1 Qc7 14. Bd2 cxd4 15. exd4
Nd5 16. Nfe5 Nxe5 17. dxe5 Bc5 18. Rac1 Qe7 19. Nd6 Bxd6 20. exd6 Qxd6 21. Rc4
f5 22. Bc2 Qe7 23. Re1 Rfc8 24. Bb3 Rxc4 25. Bxc4 Kf7 26. Qh5+ Kg8 27. Qxf5 Re8
28. Qh5 Qd7 29. h3 Rc8 30. Qe2 Qc6 31. Bb3 Re8 32. Qg4 Ba8 33. f3 Kh8 34. Kh1
Qd6 35. Bg5 Bc6 36. Bh4 Qc5 37. Kh2 Qxa5 38. Rxe6 Qc7+ 39. Bg3 Qd7 40. Rd6 Ne3
41. Qxd7 Bxd7 42. Rxd7 Nf1+ 43. Kg1 Nxg3 44. Bc4 a5 45. Ra7 h5 46. Rxa5 h4 47.
Rb5 Re1+ 48. Kf2 Rd1 49. Rxb4 Rd2+ 50. Ke3 Rxg2 51. Rb8+ Kh7 52. Bd3+ Kh6 53. f4
g6 54. Rb6 Nh5 55. f5 Rg3+ 56. Kd4 Nf4 57. Be4 Nxh3 58. Rxg6+ Rxg6 59. fxg6 Ng5
60. b4 h3 61. Bd5 Kxg6 62. b5 Kf6 63. b6 Ne6+ 64. Kc4 Nd8 65. Kc5 Ke7 1/2-1/2